00748nam a2200217 a 450000100060000000300090000600800410001502000150005604000280007108200140009910000240011324500400013726000560017730000110023359000490024465000270029365000320032094200120035299900170036495201490038116110CO-ViMGA141112s2004 ck r 000 u spa d a8476729898 aCO-ViMGAbspacCO-ViMGA04a920 K134c1 aKafka, Franz92303510aCartas a Milena : bCartas al padre aBarcelona (España) : bEdicomunicación s.a.1999 a319.p. aForma de adquisición : Premio - Mincultura14aCARTAS ALEMANAS92303614aCARTAS CHECOSLOVACAS923037 2ddccBK c26035d26035 00102ddc40708003aMEVIECARbMEVIECARd2015-12-04hVolumen. 1 | 11/jun/2009l0o920 K134c p16110r2022-10-28 00:00:00tEj. 1w2015-12-04yBK